Magnesium alloys as degradable biomaterials / (Record no. 565792)

000 -LEADER
fixed length control field 00357nam a2200121Ia 4500
008 - FIXED-LENGTH DATA ELEMENTS--GENERAL INFORMATION
fixed length control field 210430s9999 xx 000 0 und d
020 ## - INTERNATIONAL STANDARD BOOK NUMBER
International Standard Book Number 9781466598041 | 1466598042
082 ## - DEWEY DECIMAL CLASSIFICATION NUMBER
Classification number 669.723 Z635M
100 ## - MAIN ENTRY--PERSONAL NAME
Personal name Yufeng, Zheng,
9 (RLIN) 54895
245 ## - TITLE STATEMENT
Title Magnesium alloys as degradable biomaterials /
Statement of responsibility, etc. Yufeng, Zheng,
300 ## - PHYSICAL DESCRIPTION
Extent xxi, 578 pages :
942 ## - ADDED ENTRY ELEMENTS (KOHA)
Koha item type Reference
Source of classification or shelving scheme
Holdings
Withdrawn status Lost status Source of classification or shelving scheme Damaged status Not for loan Permanent Location Current Location Shelving location Date acquired Total Checkouts Full call number Barcode Date last seen Date last checked out Price effective from Koha item type
          School of Chemical & Materials Engineering (SCME) School of Chemical & Materials Engineering (SCME) Reference   1 669.723 Z635M SCME-4741 03/16/2026 02/03/2026 04/30/2021 Book
© 2023 Central Library, National University of Sciences and Technology. All Rights Reserved.